000 00847nam a22002177a 4500
005 20180618170417.0
010 _a1718EN-30 ENG-117251 B-681071-083
020 _c795.00
_a9788178442389
035 _aB-681071-083
037 _bKKP
_adpl
037 _bDBAD/PUB
082 _a954.16
100 _aBardiar,Nilendra
245 _aA 'new' Delhi :
_cby Nilendra Bardiar
_b transformation of the city after partion1947-65 /
260 _aNew Delhi
_bK.K. Publication
_c2016
270 _a4806/24,Bharat Ram Road,Daryaganj
_bNew Delhi
_e110002
300 _a224p.
_c22cm(Hb)
500 _aIncludes bibliographical references
942 _2ddc
_cEN
_h954.16
_mBAR
999 _c137596
_d137596